00630nam a2200169Ia 4500001000600000003000500006008004100011010001100052040000900063100002900072245017100101260004100272300001900313502008100332650002900413650001800442Z_455CHAP220113s1983 xx 000 0 und d a163432 cCHAP aHernández Cachou, Luis aEfecto de dos métodos de alimentación sobre la eficiencia de conversión y los incrementos de peso vivo de conejos en crecimiento /cpor Luis Hernández Cachou aChapingo, Méx. :bEl autor,c1983 a65 h. gráfs. aTesis (Ing. Agrónomo Esp. en Zootecnia) -- UACH. Departamento de Zootecnia aConejosxAlimentación  aConejosxPeso